Miasta w Macedonii Północnej - Nagła Śmierć - Statystyki

Ogólne statystyki
  • Ten quiz został rozwiązany 84 razy
    35 od ostatniego zresetowania
  • Średni wynik to 8 z 15
Answers on the Grid
Answers color-coded by a green-red scale on the quiz's grid according to % correct below.
Bitola
Cieszyn
Gostiwar
Kawadarci
Koczani
Konstanca
Korcza
Kragujevac
Kriwa Pałanka
Kumanowo
Nisz
Novi Pazar
Ochryda
Pilzno
Płowdiw
Prilep
Prisztina
Radowisz
Saloniki
Skopje
Struga
Strumica
Sztip
Tetowo
Tyr
Warna
Wełes
 
Statystyki odpowiedzi
Odpowiedź % Poprawnych
Skopje
88%
Ochryda
73%
Bitola
69%
Tetowo
69%
Prilep
62%
Strumica
62%
Kumanowo
54%
Sztip
54%
Struga
50%
Kawadarci
42%
Kriwa Pałanka
42%
Gostiwar
38%
Radowisz
38%
Wełes
31%
Koczani
27%
Nie znaleziono quizów pasujących do podanych kryteriów
Rozkład punktacji
Procent ludzi z każdym wynikiem
Percentyl według liczby udzielonych odpowiedzi
Twoja historia wyników
Nie rozwiązałeś tego quizu od ostatniego zresetowania